000 00680nam a2200229Ia 4500
003 GCL
008 140319s9999 xx 000 0 ara d
040 _aGCL /
_cGCL
082 0 4 _aق
_b962.05
_bح ق
100 1 _aحسن يوسف
245 1 0 _aالقصر ودوره فى السياسة المصرية 1922 - 1952 /
_cحسن يوسف
260 _a[S.N] :
_bدار الكتاب المصرى ،
_c1982
300 _a436 ص
490 _a
650 0 4 _aالعصر الحديث
650 0 4 _aمصر
650 0 4 _aتاريخ
650 0 4 _aالاحوال السياسية
650 0 4 _aالاحتلال البريطانى
650 0 4 _aمعاهدة 1936
942 _2ddc
_cBK
999 _c59117
_d59117